| 000 | 00571cab a2200217 4500 | ||
|---|---|---|---|
| 001 | X3630 | ||
| 008 | 090401t1996 xxu||||| |||| 00| 0 eng d | ||
| 035 | _a(Sirsi) u31656 | ||
| 041 | _aeng | ||
| 245 | _aBrewers campaign to protect tied houses | ||
| 260 | _c1996 | ||
| 350 | _a0 | ||
| 490 |
_aCSM (Chartered Surveyor Monthly) _v5(9) June 1996, 10(1) |
||
| 650 | _aCOMPETITION DIRECTORATE | ||
| 650 | _aPUBLIC HOUSES | ||
| 650 | _aTIED HOUSES | ||
| 690 | _aPROPERTY-COMMERCIAL PROPERTY | ||
| 690 | _aLEISURE AND RECREATION | ||
| 942 | _n0 | ||
| 948 | _c04/03/1997 | ||
| 999 |
_c21248 _d21248 |
||